| Tag |
First Indicator |
Second Indicator |
Subfields |
| LEADER |
00000cam a2200000Ii 4500 |
| 001 |
in00004596554 |
| 003 |
OCoLC |
| 005 |
20221014143408.3 |
| 008 |
210826t20222022ctuabe b 001 0 eng d |
| 035 |
|
|
|a (OCoLC)1265085456
|
| 040 |
|
|
|a YDX
|e rda
|c YDX
|d BDX
|d TOH
|d CMA
|
| 020 |
|
|
|a 0300258941
|
| 020 |
|
|
|a 9780300258943
|
| 043 |
|
|
|a a-ii---
|
| 050 |
|
4 |
|a NA1507.D43
|b K35 2022
|
| 082 |
0 |
|
|a 723
|
| 100 |
1 |
|
|a Kaligotla, Subhashini,
|d 1969-
|e author.
|
| 245 |
1 |
0 |
|a Shiva's waterfront temples :
|b architects and their audiences in medieval India /
|c Subhashini Kaligotla.
|
| 264 |
|
1 |
|a New Haven, Connecticut :
|b Yale University Press,
|c [2022].
|
| 264 |
|
4 |
|c ©2022.
|
| 300 |
|
|
|a x, 287 pages :
|b chiefly color illustrations, color maps, plans ;
|c 26 cm.
|
| 336 |
|
|
|a text
|b txt
|2 rdacontent
|
| 336 |
|
|
|a still image
|b sti
|2 rdacontent
|
| 337 |
|
|
|a unmediated
|b n
|2 rdamedia
|
| 338 |
|
|
|a volume
|b nc
|2 rdacarrier
|
| 504 |
|
|
|a Includes bibliographical references and index.
|
| 505 |
0 |
|
|a Toward a historical reinterpretation of Deccan heterogeneity -- Writ in stone: epigraphs and the presence of early medieval Deccan makers -- "Small models of large buildings"?: the many meanings of micro architecture -- Temples on temples: mediating power, difference, and canonical knowledge -- "Maker of many cities": fashioning and experiencing the early Deccan temple cluster -- Conclusion: the afterlives of the temple cluster.
|
| 520 |
|
|
|a The vibrant red sandstone temples of India's Deccan Plateau, such as the Pattadakal temple cluster, have attracted visitors since the eighth century or earlier. A UNESCO World Heritage Site and the coronation place of the Chalukya dynasty, Pattadakal and its neighboring sites are of major historical importance. In Shiva's Waterfront Temples, Subhashini Kaligotla situates these buildings in the cosmopolitan milieu of Deccan India and considers how their makers and awestruck visitors would have seen them in their day. Kaligotla reconstructs how architects and builders approached the sites, including their use of ornamentation, responsiveness to courtly values such as pleasure and play and ingenious juxtaposition of the first millennium's Nagara and Dravida aesthetics, a blend largely unique to Deccan plateau architecture. With over 130 color illustrations, this original book elucidates the Deccan's special place in the lexicon of medieval South Asian architecture.
|
| 650 |
|
0 |
|a Architecture, Medieval
|z India
|z Deccan.
|
| 650 |
|
0 |
|a Temples
|z India
|z Deccan.
|
| 650 |
|
7 |
|a ARCHITECTURE / General.
|2 bisacsh
|
| 945 |
|
|
|b 449311
|
| 947 |
|
|
|a A14851597881
|
| 948 |
|
|
|a dmitchel 10/14/22 9.30.20
|
| 980 |
|
|
|b print
|c 40031287343
|f NONFIC/B
|g 565714
|k USD
|m 60.75
|q 1
|s AcqMono Conventional
|t Approval plan
|u Vendor order reference number
|v ZYBP
|y Print approval
|z Physical resource
|
| 999 |
f |
f |
|i 8b980396-7533-426e-9906-b9185ab814f7
|s 0ec35939-ec28-4cb1-901c-15f22d3055ea
|t 0
|
| 952 |
f |
f |
|p normal
|a Texas A&M University
|b College Station
|c Sterling C. Evans Library
|d Evans: Library Stacks
|t 0
|e NA1507.D43 K35 2022
|h Library of Congress classification
|i unmediated -- volume
|m A14851597881
|
| 998 |
f |
f |
|a NA1507.D43 K35 2022
|t 0
|l Evans: Library Stacks
|